| 000 | 00839nam a22002295i 4500 | ||
|---|---|---|---|
| 001 | 176986 | ||
| 003 | ES-MaACL | ||
| 005 | 20230906220227.0 | ||
| 008 | 110222s1965 be bd |||| | spa d | ||
| 080 | _a27-72(82) | ||
| 100 | 1 |
_aAmato, Enrique. _9145324 |
|
| 245 | 1 | 3 |
_aLa Iglesia en Argentina / _cpor Enrique Amato. |
| 260 |
_aBruselas : _bOficina Internacional de Investigaciones Sociales de Feres, _c1965. |
||
| 300 |
_a253 p. : _bil. ; _c22 cm. |
||
| 490 | 1 |
_aEstudios socio-religiosos latino-americanos ; _v5, II |
|
| 500 | _aÍndices. | ||
| 651 | 4 |
_aArgentina- _xHistoria eclesiástica. _9145325 |
|
| 710 | 2 |
_aOficina Internacional de Investigaciones Sociales. _9172476 |
|
| 830 | 1 |
_aEstudios socio-religiosos latino-americanos ; _v5, II _9183494 |
|
| 852 |
_aES-MaACL _jE-14404 _xOlim P-1014-bis |
||
| 999 |
_c176986 _d176986 |
||